00952nas a2200265 4500001001000000003000900010005001700019007000300036008003400039040005400073041000900127072000800136100001800144100002100162100002300183245009500206650001000301650001300311650002500324773011100349909004000460942001800500999001900518952014900537BR9213268BR-BrBNA20231205095242.0ta230509b bl.|||p| |||| 00| 00por d aBR-BrBNAbporcBiblioteca Nacional de Agricultura a(Pt) aH101 aNunes, R.C.F.1 aSilva, P.H.S. da1 aSilva, L.M.S.R. da1 aResistencia de cultivares de arroz ao gorgulho Sitophilus spp. (Coleoptera, Curculionidae) aArroz aGorgulho aVariedade Resistente0 tAnais da Sociedade Entomologica do Brasil (Brazil)xISSN 0301-8059g(1992), v. 21(1) p. 107-114wBR9213268 a202311bLúciac55dLúcia Elande 2AGRISn0cANA c149610d149610 002AGRIS4071a41918b41918cPeriódicos Agrícolash(1992), v. 21(1) p. 107-114l0r2023-11-29t01yCRePortaria Interministerial nº 164/94